<?xml version="1.0" encoding="UTF-8"?>
<record
    xmlns:xsi="http://www.w3.org/2001/XMLSchema-instance"
    xsi:schemaLocation="http://www.loc.gov/MARC21/slim http://www.loc.gov/standards/marcxml/schema/MARC21slim.xsd"
    xmlns="http://www.loc.gov/MARC21/slim">

  <leader>01479cam a22001934a 4500</leader>
  <controlfield tag="005">20260619125121.0</controlfield>
  <datafield tag="020" ind1=" " ind2=" ">
    <subfield code="a">9789361314469</subfield>
  </datafield>
  <datafield tag="082" ind1="0" ind2="0">
    <subfield code="a">320.6 CAI/U</subfield>
    <subfield code="2">23</subfield>
  </datafield>
  <datafield tag="100" ind1="1" ind2=" ">
    <subfield code="a">Cairney, Paul,</subfield>
    <subfield code="9">16483</subfield>
  </datafield>
  <datafield tag="245" ind1="1" ind2="0">
    <subfield code="a">Understanding public policy :</subfield>
    <subfield code="b">theories and issues /</subfield>
    <subfield code="c">by Paul Cairney.</subfield>
  </datafield>
  <datafield tag="260" ind1=" " ind2=" ">
    <subfield code="a">. - New Delhi</subfield>
    <subfield code="b">: Bloomsburry</subfield>
    <subfield code="c">, 2024</subfield>
  </datafield>
  <datafield tag="300" ind1=" " ind2=" ">
    <subfield code="a">xx+296 pages</subfield>
    <subfield code="b">ill. ;</subfield>
  </datafield>
  <datafield tag="504" ind1=" " ind2=" ">
    <subfield code="a">Includes bibliographical references and index.</subfield>
  </datafield>
  <datafield tag="505" ind1="8" ind2=" ">
    <subfield code="a">Machine generated contents note: -- Introduction: A Multiple Lens Approach to Policy Change -- What is Public Policy and How Do We Identify Continuity and Change? -- Power, Governance and Decision-Making -- Institutions and Policy Change -- Rationality and Incrementalism -- Structural explanations -- Rational Choice theory -- Multi-level Governance -- Punctuated Equilibrium and Venue Shift -- Advocacy Coalition Framework -- The Role of Ideas, Knowledge and Beliefs -- Policy Transfer -- Implementation, Evaluation and Learning -- Conclusion.</subfield>
  </datafield>
  <datafield tag="520" ind1=" " ind2=" ">
    <subfield code="a">"This book is a new introduction to theories of public policy. The author provides an accessible assessment of a wide range of theories and models from policy cycles, policy transfer, rational choice and socio-economic explanations to multi-level governance, advocacy coalitions and punctuated equilibrium and of their value to policy analysis"--Provided by publisher.</subfield>
  </datafield>
  <datafield tag="650" ind1=" " ind2="0">
    <subfield code="a">Political planning.</subfield>
    <subfield code="9">16484</subfield>
  </datafield>
  <datafield tag="650" ind1=" " ind2="0">
    <subfield code="a">Public administration.</subfield>
  </datafield>
  <datafield tag="942" ind1=" " ind2=" ">
    <subfield code="2">ddc</subfield>
    <subfield code="c">BK</subfield>
  </datafield>
  <datafield tag="999" ind1=" " ind2=" ">
    <subfield code="c">760795</subfield>
    <subfield code="d">760795</subfield>
  </datafield>
  <datafield tag="952" ind1=" " ind2=" ">
    <subfield code="0">0</subfield>
    <subfield code="1">0</subfield>
    <subfield code="2">ddc</subfield>
    <subfield code="4">0</subfield>
    <subfield code="7">0</subfield>
    <subfield code="a">POL</subfield>
    <subfield code="b">POL</subfield>
    <subfield code="d">2025-09-11</subfield>
    <subfield code="l">0</subfield>
    <subfield code="o">320.6 CAI/U</subfield>
    <subfield code="p">POL23838</subfield>
    <subfield code="r">2026-06-19 12:51:58</subfield>
    <subfield code="w">2026-06-19</subfield>
    <subfield code="y">BK</subfield>
  </datafield>
</record>
